000 00250nam a2200097Ia 4500
001 977741
005 20250826220733.0
008 250824s9999 xx 000 0 und d
245 0 _aBillur Kalp
_cHüseyin Rahmi Gürpınar
260 _bEverest Yayınları
999 _c977741
_d977741